Ulysse et le voyage philosophique (notice n° 2222512)
[ vue normale ]
| 000 -LEADER | |
|---|---|
| fixed length control field | 01272cam a2200169 4500500 |
| 005 - DATE AND TIME OF LATEST TRANSACTION | |
| control field | 20260426010529.0 |
| 041 ## - LANGUAGE CODE | |
| Language code of text/sound track or separate title | fre |
| 042 ## - AUTHENTICATION CODE | |
| Authentication code | dc |
| 100 10 - MAIN ENTRY--PERSONAL NAME | |
| Personal name | Abel, Olivier |
| Relator term | author |
| 245 00 - TITLE STATEMENT | |
| Title | Ulysse et le voyage philosophique |
| 260 ## - PUBLICATION, DISTRIBUTION, ETC. | |
| Date of publication, distribution, etc. | 2005.<br/> |
| 500 ## - GENERAL NOTE | |
| General note | 99 |
| 520 ## - SUMMARY, ETC. | |
| Summary, etc. | En suivant quelques figures du voyage philosophique comme voyage contrarié, sous les auspices de divers auteurs (Platon, Hegel, Emerson, Ricœur, mais aussi Auerbach, Homère ou Joyce), Olivier Abel* suggère dans cette brève méditation le va-et-vient entre plusieurs questions fondamentales : peut-on rester, peut-on partir, peut-on revenir ? Peut-on raconter ? Peut-on penser le déplacement ? |
| 520 ## - SUMMARY, ETC. | |
| Summary, etc. | Meditating on some philosophical figures who have experienced life as a thwarted journey (Plato, Hegel, Emerson, Ricœur, but also Auerbach, Homer or Joyce), Olivier Abel stresses the comings and goings between various fundamental questions : How is it possible to stay, to go, to come back? What is a journey? How can you talk or think about it? |
| 786 0# - DATA SOURCE ENTRY | |
| Note | Études théologiques et religieuses | 80 | 3 | 2005-09-01 | p. 423-430 | 0014-2239 |
| 856 41 - ELECTRONIC LOCATION AND ACCESS | |
| Uniform Resource Identifier | <a href="https://shs.cairn.info/revue-etudes-theologiques-et-religieuses-2005-3-page-423?lang=fr&redirect-ssocas=7080">https://shs.cairn.info/revue-etudes-theologiques-et-religieuses-2005-3-page-423?lang=fr&redirect-ssocas=7080</a> |
Pas d'exemplaire disponible.




Réseaux sociaux